Hd tự học máy tính

محفوظ في:
التفاصيل البيبلوغرافية
المؤلف الرئيسي: Việt Văn Book
التنسيق: كتاب
اللغة:Vietnamese
منشور في: HĐƯ 2008
الوسوم: إضافة وسم
لا توجد وسوم, كن أول من يضع وسما على هذه التسجيلة!
Thư viện lưu trữ: Mạng thư viện Đại học Đà Nẵng
LEADER 00611nam a2200277 4500
001 000026640
003 702
005 20150325120000.0
008 150325s vm 000 vie
020 |c 62,0000 
040 |a NOTTS 
100 |a Việt Văn Book 
245 |a Hd tự học máy tính 
260 |b HĐƯ  |c 2008 
300 |a 336tr. ; 
OWN |a LTT 
999 |a From the UDN01 
TYP |a Monograph 
TYP |a Printed language 
980 |a Mạng thư viện Đại học Đà Nẵng